000 01105nam a2200301 c 4500
999 _c57216
_d57216
003 BLK
005 20221115140132.0
008 180408b bul|||||r ||||||| ||bul||
010 _aKNG00061210000
040 _aBLK
041 _aBUL
_cBUL
080 _aМорал и общество. Човешки отношения. Уважение. Независимост. Вж и 395
_b177
_z177
100 1 _aНешев, Кирил
_eпърви автор
_gМихайлов, Кирил Нешев
_9245087
139 _aНешев, Кирил
_bН 64
245 1 0 _aНравственият идеал
_bМоногр.
_cКирил Нешев.
257 _aBGR
260 _bНар. младеж
_c1978
_aСофия
300 _a127 с.
_c21 см
380 _a1
500 _aПълното име на авт. е Кирил Нешев Михайлов.
650 4 _aМорал, комунистически
_9287431
653 _aкомунистически морал
852 _aЦб 94897
856 4 _qpdf
_i0.00
_ldisable
856 4 _qpdf
_i0.00
_ldisable
942 _cKNG
_n0
_s1
944 _aCR
_c13.06.2004
_kЧиталня
944 _aED
_c26.07.2013
999 _d57216
999 _d57216